Top 100 most influential people in history - Statistics

General Stats
  • This quiz has been taken 10,236 times
  • The average score is 35 of 102
Answer Stats
Nr. Answer % Correct
20. Adolf Hitler
91%
2. Jesus
89%
25. George Washington
86%
33. Joseph Stalin
82%
3. Muhammad
78%
35. Abraham Lincoln
77%
45. Winston Churchill
75%
6. Albert Einstein
70%
48. Vladimir Lenin
69%
70. Franklin D. Roosevelt
66%
26. Alexander the Great
64%
1. Isaac Newton
64%
30. Napoleon Bonaparte
62%
74. Julius Caesar
61%
44. Mao Zedong
61%
21. Martin Luther King
60%
27. Mahatma Gandhi
58%
96. John F. Kennedy
57%
9. Gautama Buddha
56%
28. Cristopher Columbus
55%
56. Thomas Jefferson
55%
10. Martin Luther
54%
40. Plato
54%
93. Thomas Edison
53%
43. Leonardo da Vinci
51%
18. William Shakespeare
51%
7. Karl Marx
50%
23. Aristotle
49%
29. Socrates
48%
95. Queen Victoria
47%
53. Marie Curie
44%
99. Benjamin Franklin
43%
38. Galileo Galilei
43%
68. Nelson Mandela
43%
41. Augustus
41%
5. Charles Darwin
41%
67. Ludwig van Beethoven
41%
66. Wolfgang Amadeus Mozart
41%
72. Moses
40%
14. Nicola Tesla
40%
89. Elizabeth I of England
39%
39. Genghis Khan
37%
69. St Peter
37%
15. Confucius
35%
86. Henry Ford
35%
24. Henry VIII of England
34%
71. Johann Sebastian Bach
33%
19. St Paul
33%
94. Mikhail Gorbachev
32%
87. Vladimir Putin
32%
47. Nicolaus Copernicus
31%
12. Abraham
30%
92. Harry S. Truman
30%
78. Wright Brothers
29%
83. James Cook
28%
91. Simon Bolivar
28%
52. Homer
27%
11. Johannes Gutenberg
27%
8. Constantine the Great
25%
55. Sigmund Freud
25%
4. Louis Pasteur
24%
98. Alessandro Volta
23%
17. Ali
23%
22. Alexander Fleming
22%
37. Archimedes
21%
46. James Watt
20%
34. J. Robert Oppenheimer
20%
31. King David
20%
36. Vasco da Gama
20%
58. Rene Descartes
19%
32. Tim Berners-Lee
19%
88. Voltaire
19%
50. Hernan Cortes
18%
60. Immanuel Kant
17%
90. Osama Bin Laden
17%
81. Friedrich Nietzsche
16%
65. Guglielmo Marconi
16%
80. John Locke
16%
79. John Paul II
16%
82. Jean-Jacques Rousseau
14%
48. Michael Faraday
14%
85. Niels Bohr
13%
73. Alan Turing
12%
13. Edward Jenner
12%
47. Johannes Kepler
12%
63. Max Planck
10%
62. James Clerk Maxwell
9%
61. Werner Heisenberg
9%
49. Mehmed the Conqueror
8%
57. Otto von Bismarck
8%
51. Cai Lun
7%
77. Charles Babbage
6%
75. Herodotus
6%
64. Qin Shi Huang
6%
16. Abu Bakr
5%
59. Montesquieu
5%
42. Wernher von Braun
5%
100. B F. Skinner
4%
76. Carl Linnaeus
4%
97. Richard Dawkins
3%
84. Hermann Muller
2%
54. Nicephore Niepce
2%
No matching quizzes found
Score Distribution
Percent of People with Each Score
Percentile by Number Answered
Your Score History
You have not taken this quiz